| 000 | 00750nam a2200205 a 4500 | ||
|---|---|---|---|
| 008 | 120416s1982 ||||||||||||||||| || u | ||
| 020 | _a0710801408 | ||
| 020 | _a0710801726 | ||
| 050 | _aHB 172.5 Saw | ||
| 100 | _aSawyer, Malcolm | ||
| 245 | 1 | 0 | _aMacro-economics in question: the keynesian-monetarist orthodoxies and the kaleckian alternative |
| 260 |
_aSussex _bWheatsheaf Books _c1982 |
||
| 300 | _a190p.: ill. | ||
| 350 | _a0.00 | ||
| 500 | _aIncludes index. -Bibliography: p. [175]-187. | ||
| 650 | _aKALECKI, MICHA | ||
| 650 | 0 | _aKEYNESIAN ECONOMICS | |
| 650 | 0 | _aMACROECONOMICS | |
| 995 |
_D0.00 _FCBU-MAIN LIBRARY (Kitwe) _H1 _I8.95 _UAVAILABLE _ZAnnex Low-Usage Collection |
||
| 999 |
_c49598 _d49598 |
||